00658nam a2200241 a 4500001001300000003000900013005001700022008004100039020001000080082001400090100001900104245002800123260004000151300000900191500003500200505001000235650002300245700001900268902000800287942000700295952009700302999001700399nice12345678IN_TiNIC20260116015210.0050524s1934 lona grp 000 0 eng  ac10000a190bKAN1 aKant, Immanuel aCritique of Pure Reason aLondonbJ. M. Dent & Sons Ltdc1934 a481p aincludes index and biblioraphy2 aIndex aPhilosophy-Western1 aKant, Immanuel bSRS cBK 00104070aHMIbHMId2008-06-19g100.00l0o190 KAN1p11000885r2026-01-16w2026-01-16yEB c18725d18725